000 00316nam a2200145Ia 4500
003 OSt
008 191201s2019 xx 000 0 und d
082 _a658.15
_bBEF
100 _aBERK,Jonathan
245 0 _aFinancial Management
260 _aNew Delhi
_bPearson
300 _a595
650 _aMBA
942 _2ddc
_cBK
999 _c5372
_d5372